[Event "Haarlemse Meesters 2019"]
[Site "Haarlem"]
[Date "2019.10.24"]
[Round "6.5"]
[White "Lahaye, Rick"]
[Black "Tondivar, Babak"]
[Result "1/2-1/2"]
[WhiteElo "2414"]
[BlackElo "2324"]
[Annotator "NA"]
[PlyCount "69"]
[EventDate "2019.10.19"]
[EventType "tourn"]
[EventCountry "NED"]
[SourceTitle "playchess.com"]
[Source "ChessBase"]
[SourceQuality "1"]
[TimeControl "40/5400+30:1800+30"]

1. f4 {[%emt 0:00:00]} d5 {[%emt 0:00:00]} 2. Nf3 {[%emt 0:00:00]} g6 {[%emt 0:00:30]} 3. g3 {[%emt 0:00:00]} Bg7 {[%emt 0:00:13]} 4. Bg2 {[%emt 0:00:00]} Nh6 {[%emt 0:00:44]} 5. O-O {[%emt 0:00:52]} Nf5 {[%emt 0:03:25]} 6. c3 {[%emt 0:00:58]} c5 {[%emt 0:05:18]} 7. Qe1 {[%emt 0:04:26]} Nc6 {[%emt 0:01:24]} 8. e3 {[%emt 0:01:55]} O-O {[%emt 0:06:43]} 9. d3 {[%emt 0:01:37]} e5 {[%emt 0:02:09]} 10. fxe5 {[%emt 0:09:38]} Nxe5 {[%emt 0:00:32]} 11. Nxe5 {[%emt 0:00:54]} Bxe5 {[%emt 0:00:02]} 12. d4 {[%emt 0:00:05]} cxd4 {[%emt 0:13:42]} 13. cxd4 {[%emt 0:01:06]} Bg7 {[%emt 0:00:42]} 14. Nc3 {[%emt 0:00:05]} Be6 {[%emt 0:01:42]} 15. Qd1 $15 {[%emt 0:00:25]} Qd7 {[%emt 0:03:25]} 16. Qb3 {[%emt 0:00:23]} Rad8 {[%emt 0:01:53]} 17. Bd2 {[%emt 0:07:36]} Bh6 {[%emt 0:07:03]} 18. Ne2 {[%emt 0:00:51]} Rfe8 {[%emt 0:02:32]} 19. Rae1 {[%emt 0:15:11]} Nd6 {[%emt 0:05:34]} 20. Bxd5 {[%emt 0:10:18]} Bxd5 {[%emt 0:00:27]} 21. Qxd5 {[%emt 0:00:05]} Bxe3+ {[%emt 0:00:59]} 22. Bxe3 {[%emt 0:00:27]} Rxe3 {[%emt 0:00:01]} 23. Nc3 {[%emt 0:00:22]} Nf5 {[%emt 0:12:32]} 24. Rxe3 {[%emt 0:04:52]} Nxe3 {[%emt 0:00:14]} 25. Qxd7 {[%emt 0:00:11]} Rxd7 {[%emt 0:00:02]} 26. Re1 {[%emt 0:00:15]} Nc2 {[%emt 0:05:20]} 27. Re8+ {[%emt 0:05:32]} Kg7 {[%emt 0:00:03]} 28. d5 {[%emt 0:00:55]} Nb4 {[%emt 0:00:36]} 29. Ra8 {[%emt 0:02:36]} Nxd5 {[%emt 0:02:24]} 30. Rxa7 {[%emt 0:00:06]} Nxc3 {[%emt 0:00:10]} 31. bxc3 {[%emt 0:00:04]} Rd2 {[%emt 0:00:38]} 32. Ra3 {[%emt 0:03:28]} h5 {[%emt 0:00:36]} 33. h3 {[%emt 0:00:20]} g5 {[%emt 0:00:34]} 34. Kf1 {[%emt 0:00:40]} Kg6 {[%emt 0:00:44]} 35. Kg1 {[%emt 0:06:00]} 1/2-1/2

[Event "Haarlemse Meesters 2019"]
[Site "Haarlem"]
[Date "2019.10.25"]
[Round "7.1"]
[White "Gijswijt, Bart"]
[Black "Lahaye, Rick"]
[Result "0-1"]
[WhiteElo "2387"]
[BlackElo "2414"]
[Annotator "TA"]
[PlyCount "186"]
[EventDate "2019.10.19"]
[EventType "tourn"]
[EventCountry "NED"]
[SourceTitle "playchess.com"]
[Source "ChessBase"]
[SourceQuality "1"]

{[%evp 20,186,54,-5,55,57,52,59,51,52,70,59,73,-50,-43,-43,-45,-69,-56,-102,-88,-135,-83,-181,-173,-177,-81,-175,-175,-200,-197,-200,-197,-214,-198,-213,-219,-304,-268,-337,-321,-372,-368,-375,-192,-203,-198,-217,-210,-255,-263,-256,-251,-257,-252,-265,-275,-274,-277,-274,-275,-348,-289,-349,-294,-286,-227,-243,-217,-297,-297,-297,-297,-297,-297,-297,-297,-297,-297,-297,-297,-338,-239,-284,-170,-175,-164,-168,-170,-185,-183,-189,-184,-173,-147,-198,-179,-338,-338,-364,-382,-382,-382,-479,-360,-777,-776,-764,-753,-845,-356,-358,-31,-31,-8,-8,-8,-8,-8,-8,-8,-8,-8,-8,-8,-8,-8,-8,-8,-8,-8,-8,-8,-8,-8,-8,-8,-8,-8,-114,-47,-114,-114,-114,-8,-114,-8,-115,-114,-114,-114,-114,-114,-114,-114,-114,0,-115,-115,-115,-115,-115,-115,-123,-117,-124,-124,-132,-135]} 1. d4 Nf6 2. c4 g6 3. Nc3 Bg7 4. e4 d6 5. Nf3 O-O 6. Be2 e5 7. O-O Nc6 8. d5 Ne7 {[%cal Bc6e7,Be7f5,Bf5d6][%mdl 32]} 9. b4 Ne8 10. c5 f5 11. Ng5 (11. Bc4 $14) 11... fxe4 {E97: King's Indian: Classical Main Line (6...e5 7 0-0 Nc6): 8 Be3 and 8 d5 Ne7, not 9 Ne1} (11... h6 $11 12. Ne6 Bxe6 13. dxe6 fxe4) 12. Ngxe4 ({Don't play} 12. Ncxe4 h6 $15) 12... Nf5 13. Bg5 Nf6 {White is slightly better.} 14. Rc1 {[#]} a5 $146 ({Predecessor:} 14... h6 15. Bxf6 Bxf6 16. cxd6 cxd6 17. Nb5 a6 18. Nc7 Rb8 19. Bg4 Qe7 {1-0 (40) Dorfman,J (2585)-Iuldachev,S (2505) Elista 1998}) 15. b5 dxc5 16. Bc4 (16. Nxc5 $16 h6 17. Bxf6 Qxf6 18. Bc4) 16... Nd6 $15 17. Qe2 b6 18. Bh4 Qe8 19. Bg3 Nh5 20. Rce1 Bf5 (20... Nf4 $142 21. Bxf4 exf4 22. Nxd6 Qxe2 23. Rxe2 cxd6) 21. Bd3 (21. a4 $17) 21... Nf4 $19 22. Qd1 Qd7 (22... Nxd3 $19 {has better winning chances.} 23. Qxd3 c4) 23. Bc2 (23. a4 $17) 23... Nxb5 24. Ba4 Nxc3 {[%mdl 64] Discovered Attack} 25. Nxc3 Qf7 26. Bc6 Rad8 $1 27. Bxf4 exf4 28. d6 Kh8 ({Less strong is} 28... Bxc3 29. Bd5 $17) 29. Bd5 Qd7 (29... Rxd6 $2 30. Bxf7 Rxd1 31. Nxd1 $19) 30. dxc7 Qxc7 (30... Bxc3 $2 31. cxd8=N Rxd8 32. Bc6 $19) 31. Qf3 Rfe8 (31... c4 $142 32. Rc1 Qc5) 32. Nb5 Qb8 $1 33. Rxe8+ Rxe8 34. Bc6 Rd8 35. Re1 Bf6 36. g3 fxg3 37. hxg3 {White wants to play g4.} h5 38. Re3 {White hopes to continue with Be4.} Kg7 39. Qe2 Rf8 40. Bf3 Qd8 41. Na7 Qd4 42. Nc6 Qa1+ 43. Kg2 Qb2 44. Qxb2 Bxb2 45. Rb3 Bf6 46. Rxb6 c4 47. Nxa5 c3 48. Nb3 c2 49. a4 {If only White now had time for a5....} Rc8 50. a5 Bd4 51. Rb4 Rc3 (51... Bb2 $142 $1 {And now ...Be6 would win.} 52. a6 Be6) 52. Nc1 Bc5 53. Rb7+ Kf6 54. Rc7 Bd4 55. Rxc3 Bxc3 {[%mdl 4096] Endgame KBB-KBN} 56. a6 {Threatens to win with a7.} Bd4 57. Nb3 (57. Kf1 $17 {is a better defense.}) 57... Ba7 58. Bc6 $2 (58. Kf1 {might work better.}) 58... g5 59. f4 gxf4 60. gxf4 h4 61. Kf3 h3 62. Kg3 $2 (62. Nc1) 62... Be3 63. Kf3 Bg1 64. Kg3 Be6 (64... Ke6 $142 65. Bb7 Kd6) 65. Nc1 Be3 66. Be4 $1 Bf5 67. Bxf5 Kxf5 68. Kxh3 Bxc1 69. a7 Bxf4 (69... Ba3 $5 70. a8=Q $8 c1=Q 71. Qd5+ Kg6 $11) 70. a8=Q c1=Q 71. Qd5+ Be5 72. Qd3+ Kf6 73. Qd8+ Ke6 74. Qe8+ Kd5 75. Qd7+ Ke4 76. Qg4+ Ke3 {[%cal Rc1h1]} 77. Qg5+ Bf4 78. Qe7+ Kf2 79. Kg4 (79. Qa7+ $11 {remains equal.} Kf3 80. Qb7+ Kf2 81. Qa7+ Kf3 82. Qb7+ Ke2 83. Kg4) 79... Be3 (79... Qc4 $17 80. Kf5 Bd2) 80. Qf7+ (80. Qf6+ $1 $15 Ke1 81. Kf3) 80... Kg1 $17 81. Qf3 Qc8+ ({Black should try} 81... Bf2 $17) 82. Qf5 {[#]} (82. Kg3 $11 Qg8+ 83. Kh3) 82... Qc6 {[#]} (82... Qc4+ $1 $17 83. Kg3 Qc3) 83. Qe5 (83. Qf3 $1 $11 {[%mdl 512] was the only way to keep the balance.} Qc3 84. Kh3 Qh8+ 85. Kg3 Qh2+ 86. Kg4) 83... Kf2 84. Qh2+ Ke1 85. Qg3+ Ke2 86. Qh2+ Kd1 87. Qe5 Ke2 88. Qh2+ $1 Kd3 89. Qh7+ Kc3 {( -> ...Qg2+)} 90. Qg7+ Bd4 91. Qf7 Qg2+ 92. Kf5 Qh3+ 93. Ke4 Qd3+ {Accuracy: White = 42%, Black = 60%.} 0-1

[Event "Haarlemse Meesters 2019"]
[Site "Haarlem"]
[Date "2019.10.25"]
[Round "7.2"]
[White "Tondivar, Babak"]
[Black "Lopez, Jasel"]
[Result "0-1"]
[WhiteElo "2324"]
[BlackElo "2409"]
[Annotator "NA"]
[PlyCount "74"]
[EventDate "2019.10.19"]
[EventType "tourn"]
[EventCountry "NED"]
[SourceTitle "playchess.com"]
[Source "ChessBase"]
[SourceQuality "1"]
[TimeControl "40/5400+30:1800+30"]

1. g3 {[%emt 0:00:00]} e5 {[%emt 0:00:01]} 2. Bg2 {[%emt 0:00:00]} Nf6 {[%emt 0:00:21]} 3. d3 {[%emt 0:00:38]} d5 {[%emt 0:00:30]} 4. Nf3 {[%emt 0:00:12]} Nc6 {[%emt 0:00:17]} 5. O-O {[%emt 0:00:17]} Be7 {[%emt 0:00:56]} 6. c4 {[%emt 0:00:21]} O-O {[%emt 0:00:20]} 7. cxd5 $11 {[%emt 0:01:09]} Nxd5 {[%emt 0:00:09]} 8. Nc3 {[%emt 0:00:20]} Nb6 {[%emt 0:04:11]} 9. Be3 {[%emt 0:09:25]} f5 {[%emt 0:04:25]} 10. Rc1 {[%emt 0:03:05]} Be6 {[%emt 0:04:00]} 11. a3 {[%emt 0:02:20]} f4 {[%emt 0:16:40]} 12. Bxb6 {[%emt 0:14:46]} axb6 {[%emt 0:01:13]} 13. Nd2 {[%emt 0:12:04]} Qd7 {[%emt 0:04:04]} 14. Nc4 {[%emt 0:12:08]} Bh3 {[%emt 0:01:53]} 15. Ne4 {[%emt 0:00:31]} Rf7 {[%emt 0:09:47]} 16. Re1 {[%emt 0:05:02]} Raf8 {[%emt 0:02:51]} 17. b4 {[%emt 0:01:51]} b5 {[%emt 0:08:46]} 18. Ncd2 {[%emt 0:00:47]} Nd4 {[%emt 0:02:52]} 19. Nf3 {[%emt 0:03:41]} Bxg2 {[%emt 0:02:40]} 20. Kxg2 {[%emt 0:00:16]} Nxf3 {[%emt 0:01:31]} 21. exf3 {[%emt 0:00:02]} fxg3 {[%emt 0:00:44]} 22. hxg3 {[%emt 0:00:25]} Rxf3 {[%emt 0:00:26]} 23. Qxf3 {[%emt 0:00:55]} Rxf3 {[%emt 0:00:08]} 24. Kxf3 {[%emt 0:00:03]} Qxd3+ {[%emt 0:00:20]} 25. Re3 {[%emt 0:03:05]} Qd7 {[%emt 0:00:11]} 26. Rcc3 {[%emt 0:02:59]} h5 {[%emt 0:05:36]} 27. Rcd3 {[%emt 0:03:07]} Qf5+ {[%emt 0:05:05]} 28. Kg2 {[%emt 0:00:29]} g5 {[%emt 0:00:21]} 29. Rd5 {[%emt 0:10:59]} h4 {[%emt 0:06:48]} 30. gxh4 {[%emt 0:01:39]} gxh4 {[%emt 0:00:05]} 31. Rxb5 {[%emt 0:01:04]} Bf8 {[%emt 0:01:35]} 32. f3 {[%emt 0:09:44]} Bh6 {[%emt 0:01:00]} 33. Re1 {[%emt 0:00:19]} h3+ {[%emt 0:03:02]} 34. Kf2 {[%emt 0:00:08]} Qf4 {[%emt 0:00:10]} 35. Rg1+ {[%emt 0:02:00]} Kf7 {[%emt 0:00:11]} 36. Rg3 {[%emt 0:01:06]} Qe3+ {[%emt 0:00:19]} 37. Kf1 {[%emt 0:00:06]} Qd3+ {[%emt 0:01:58]} 0-1

[Event "Haarlemse Meesters 2019"]
[Site "Haarlem"]
[Date "2019.10.25"]
[Round "7.3"]
[White "Peelen, Piet"]
[Black "Moucheroud, Jeremy"]
[Result "0-1"]
[WhiteElo "2348"]
[BlackElo "2294"]
[Annotator "NA"]
[PlyCount "102"]
[EventDate "2019.10.19"]
[EventType "tourn"]
[EventCountry "NED"]
[SourceTitle "playchess.com"]
[Source "ChessBase"]
[SourceQuality "1"]
[TimeControl "40/5400+30:1800+30"]

1. d4 {[%emt 0:00:00]} d5 {[%emt 0:01:17]} 2. c4 {[%emt 0:00:00]} e6 {[%emt 0:00:01]} 3. Nc3 {[%emt 0:00:00]} Nf6 {[%emt 0:00:04]} 4. cxd5 {[%emt 0:00:00]} exd5 {[%emt 0:00:01]} 5. Bg5 {[%emt 0:00:00]} c6 {[%emt 0:00:03]} 6. e3 {[%emt 0:00:05]} Be7 {[%emt 0:00:12]} 7. Bd3 {[%emt 0:00:09]} Nbd7 {[%emt 0:00:03]} 8. Nge2 {[%emt 0:00:24]} h6 {[%emt 0:00:14]} 9. Bh4 {[%emt 1:33:52]} Nh5 {[%emt 0:00:07]} 10. Bxe7 {[%emt 0:00:00]} Qxe7 {[%emt 0:00:02]} 11. Qd2 {[%emt 0:00:00]} Nb6 {[%emt 0:00:40]} 12. O-O {[%emt 0:00:00]} O-O {[%emt 0:00:02]} 13. Rae1 {[%emt 0:00:00]} Bd7 {[%emt 0:23:51]} 14. f3 {[%emt 0:00:00]} Qg5 {[%emt 0:07:02]} 15. Nc1 {[%emt 0:00:00]} Rae8 {[%emt 0:03:48]} 16. Qf2 {[%emt 0:00:00]} f5 {[%emt 0:04:46]} 17. f4 {[%emt 0:00:00]} Qe7 {[%emt 0:13:28]} 18. Qc2 {[%emt 0:00:00]} Nc8 {[%emt 0:14:28]} 19. g4 {[%emt 0:00:00]} Nf6 {[%emt 0:02:05]} 20. Bxf5 {[%emt 0:00:00]} Nxg4 {[%emt 0:01:26]} 21. Bg6 {[%emt 0:00:00]} Rd8 {[%emt 0:01:28]} 22. e4 {[%emt 0:00:00]} dxe4 {[%emt 0:10:31]} 23. Nxe4 {[%emt 0:00:00]} Qh4 {[%emt 0:07:55]} 24. Qb3+ {[%emt 0:00:00]} Kh8 {[%emt 0:00:15]} 25. Qg3 {[%emt 0:00:00]} Qxg3+ {[%emt 0:00:57]} 26. Nxg3 {[%emt 0:00:00]} Be8 {[%emt 0:03:26]} 27. f5 {[%emt 0:01:23]} Nf6 {[%emt 0:01:02]} 28. Nb3 {[%emt 0:02:02]} Bxg6 {[%emt 0:02:23]} 29. fxg6 {[%emt 0:00:01]} Rfe8 {[%emt 0:00:21]} 30. Nf5 {[%emt 0:03:38]} Re4 {[%emt 0:01:07]} 31. Rxe4 {[%emt 0:02:28]} Nxe4 {[%emt 0:02:25]} 32. Nc5 {[%emt 0:00:26]} Nxc5 {[%emt 0:00:00]} 33. dxc5 {[%emt 0:02:02]} Kg8 {[%emt 0:00:00]} 34. Re1 {[%emt 0:00:00]} Kf8 {[%emt 0:00:00]} 35. Rf1 {[%emt 0:00:15]} Kg8 {[%emt 0:00:00]} 36. b4 {[%emt 0:00:21]} Rf8 {[%emt 0:01:18]} 37. h4 {[%emt 0:00:48]} h5 {[%emt 0:00:15]} 38. Nd6 {[%emt 0:00:33]} Nxd6 {[%emt 0:00:41]} 39. cxd6 {[%emt 0:00:04]} Rxf1+ {[%emt 0:00:29]} 40. Kxf1 {[%emt 0:00:01]} Kf8 {[%emt 0:00:01]} 41. Ke2 {[%emt 0:03:29]} Ke8 {[%emt 0:00:05]} 42. Ke3 {[%emt 0:01:07]} Kd7 {[%emt 0:00:03]} 43. Kf4 {[%emt 0:00:53]} Kxd6 {[%emt 0:00:12]} 44. a4 {[%emt 0:00:24]} b6 {[%emt 0:12:08]} 45. Kg5 {[%emt 0:01:06]} Ke5 {[%emt 0:01:01]} 46. Kxh5 {[%emt 0:01:21]} Kf6 {[%emt 0:04:40]} 47. a5 {[%emt 0:01:41]} bxa5 {[%emt 0:02:44]} 48. bxa5 {[%emt 0:00:09]} c5 {[%emt 0:00:43]} 49. Kg4 {[%emt 0:00:27]} Kxg6 {[%emt 0:00:28]} 50. a6 {[%emt 0:01:28]} c4 {[%emt 0:00:59]} 51. Kf4 {[%emt 0:00:16]} Kh5 {[%emt 0:00:01]} 0-1

[Event "Haarlemse Meesters 2019"]
[Site "Haarlem"]
[Date "2019.10.25"]
[Round "7.4"]
[White "Welling, Gerard"]
[Black "De Ruiter, Danny"]
[Result "1/2-1/2"]
[WhiteElo "2302"]
[BlackElo "2268"]
[Annotator "NA"]
[PlyCount "51"]
[EventDate "2019.10.19"]
[EventType "tourn"]
[EventCountry "NED"]
[SourceTitle "playchess.com"]
[Source "ChessBase"]
[SourceQuality "1"]
[TimeControl "40/5400+30:1800+30"]

1. b3 {[%emt 0:00:00]} b6 {[%emt 0:00:00]} 2. Bb2 {[%emt 0:00:00]} Bb7 {[%emt 0:00:01]} 3. e3 {[%emt 0:00:00]} Nf6 {[%emt 0:00:18]} 4. Nf3 {[%emt 0:00:19]} e6 {[%emt 0:00:20]} 5. c4 {[%emt 0:00:06]} Be7 {[%emt 0:00:23]} 6. Be2 {[%emt 0:00:07]} O-O {[%emt 0:00:09]} 7. O-O {[%emt 0:00:05]} c5 {[%emt 0:02:01]} 8. d4 {[%emt 0:05:14]} d5 {[%emt 0:07:55]} 9. cxd5 {[%emt 0:00:55]} Nxd5 {[%emt 0:00:48]} 10. Nc3 {[%emt 0:00:50]} Nd7 {[%emt 0:03:59]} 11. Rc1 {[%emt 0:06:44]} Rc8 {[%emt 0:05:34]} 12. Nxd5 {[%emt 0:01:19]} Bxd5 {[%emt 0:00:45]} 13. dxc5 {[%emt 0:31:59]} Nxc5 {[%emt 0:09:00]} 14. b4 {[%emt 0:02:32]} Ne4 {[%emt 0:00:46]} 15. a3 {[%emt 0:01:26]} Bf6 {[%emt 0:07:00]} 16. Rxc8 {[%emt 0:07:30]} Qxc8 {[%emt 0:00:37]} 17. Bxf6 {[%emt 0:00:06]} Nxf6 {[%emt 0:00:25]} 18. Qc1 {[%emt 0:00:43]} Qb7 {[%emt 0:00:31]} 19. Qb2 {[%emt 0:00:23]} Rc8 {[%emt 0:03:28]} 20. Rc1 {[%emt 0:00:20]} Rc7 {[%emt 0:00:47]} 21. Rxc7 {[%emt 0:04:03]} Qxc7 {[%emt 0:00:17]} 22. Nd2 {[%emt 0:00:03]} h6 {[%emt 0:03:02]} 23. h3 {[%emt 0:00:07]} Ne4 {[%emt 0:03:03]} 24. Nxe4 {[%emt 0:00:26]} Bxe4 {[%emt 0:00:06]} 25. Qd2 {[%emt 0:01:21]} Kh7 {[%emt 0:04:19]} 26. Bd3 {[%emt 0:02:16]} 1/2-1/2

[Event "Haarlemse Meesters 2019"]
[Site "Haarlem"]
[Date "2019.10.25"]
[Round "7.5"]
[White "De Strycker, Nathan"]
[Black "Hainke, Guntram"]
[Result "1-0"]
[WhiteElo "2302"]
[BlackElo "2365"]
[Annotator "NA"]
[PlyCount "75"]
[EventDate "2019.10.19"]
[EventType "tourn"]
[EventCountry "NED"]
[SourceTitle "playchess.com"]
[Source "ChessBase"]
[SourceQuality "1"]
[TimeControl "40/5400+30:1800+30"]

1. c4 {[%emt 0:00:00]} c6 {[%emt 0:00:17]} 2. g3 {[%emt 0:00:00]} d5 {[%emt 0:00:18]} 3. Nf3 {[%emt 0:00:03]} Nf6 {[%emt 0:01:23]} 4. Bg2 {[%emt 0:02:07]} Bg4 {[%emt 0:01:39]} 5. cxd5 {[%emt 0:06:13]} Bxf3 {[%emt 0:00:26]} 6. Bxf3 {[%emt 0:00:08]} cxd5 {[%emt 0:00:20]} 7. Nc3 {[%emt 0:01:55]} e6 $11 {[%emt 0:01:15]} 8. d3 {[%emt 0:02:09]} Nc6 {[%emt 0:03:07]} 9. O-O {[%emt 0:00:06]} Be7 {[%emt 0:05:23]} 10. a3 {[%emt 0:01:50]} Rc8 {[%emt 0:03:36]} 11. Bd2 {[%emt 0:04:21]} O-O {[%emt 0:03:03]} 12. b4 {[%emt 0:04:45]} Qd7 {[%emt 0:17:12]} 13. Bg2 {[%emt 0:04:54]} Rfd8 {[%emt 0:14:12]} 14. Ra2 {[%emt 0:01:35]} d4 {[%emt 0:04:58]} 15. Ne4 {[%emt 0:02:52]} Nd5 {[%emt 0:00:25]} 16. Qb3 {[%emt 0:09:47]} h6 {[%emt 0:04:28]} 17. Nc5 {[%emt 0:13:02]} Qc7 {[%emt 0:00:52]} 18. Rc1 {[%emt 0:06:27]} b6 {[%emt 0:04:54]} 19. Na6 {[%emt 0:03:27]} Qb7 {[%emt 0:02:24]} 20. Bxd5 {[%emt 0:00:02]} Rxd5 {[%emt 0:04:04]} 21. b5 {[%emt 0:01:18]} Ne5 {[%emt 0:06:22]} 22. Rxc8+ {[%emt 0:00:12]} Qxc8 {[%emt 0:00:06]} 23. Rc2 {[%emt 0:00:36]} Qd8 {[%emt 0:00:42]} 24. a4 {[%emt 0:07:50]} h5 {[%emt 0:06:04]} 25. Bf4 {[%emt 0:03:26]} g5 {[%emt 0:04:42]} 26. Bd2 {[%emt 0:09:46]} h4 {[%emt 0:01:47]} 27. Qb1 {[%emt 0:04:45]} Nd7 {[%emt 0:03:55]} 28. Qc1 {[%emt 0:01:14]} Nc5 {[%emt 0:01:05]} 29. Nxc5 {[%emt 0:01:39]} Bxc5 {[%emt 0:02:58]} 30. Bb4 {[%emt 0:00:14]} Qd6 {[%emt 0:00:43]} 31. Bxc5 {[%emt 0:00:10]} bxc5 {[%emt 0:00:44]} 32. a5 {[%emt 0:00:59]} Re5 {[%emt 0:00:35]} 33. Rb2 {[%emt 0:01:22]} hxg3 {[%emt 0:01:23]} 34. hxg3 {[%emt 0:00:05]} c4 {[%emt 0:00:50]} 35. dxc4 {[%emt 0:04:54]} Qa3 {[%emt 0:00:38]} 36. b6 {[%emt 0:00:47]} axb6 {[%emt 0:00:03]} 37. axb6 {[%emt 0:00:05]} d3 {[%emt 0:01:00]} 38. b7 {[%emt 0:00:37]} 1-0

[Event "Haarlemse Meesters 2019"]
[Site "Haarlem"]
[Date "2019.10.26"]
[Round "8.1"]
[White "De Ruiter, Danny"]
[Black "De Strycker, Nathan"]
[Result "1-0"]
[WhiteElo "2268"]
[BlackElo "2302"]
[Annotator "NA"]
[PlyCount "83"]
[EventDate "2019.10.19"]
[EventType "tourn"]
[EventCountry "NED"]
[SourceTitle "playchess.com"]
[Source "ChessBase"]
[SourceQuality "1"]
[TimeControl "40/5400+30:1800+30"]

1. d4 {[%emt 0:00:00]} d5 {[%emt 0:00:00]} 2. c4 {[%emt 0:00:00]} dxc4 {[%emt 0:00:00]} 3. e4 {[%emt 0:01:39]} e5 {[%emt 0:00:08]} 4. Nf3 {[%emt 0:00:38]} exd4 {[%emt 0:00:04]} 5. Bxc4 {[%emt 0:00:51]} Nc6 {[%emt 0:00:06]} 6. O-O {[%emt 0:00:45]} Be6 {[%emt 0:00:14]} 7. Bb5 {[%emt 0:00:19]} Bc5 {[%emt 0:00:13]} 8. b4 {[%emt 0:00:23]} Bb6 {[%emt 0:00:03]} 9. a4 {[%emt 0:00:18]} a6 {[%emt 0:00:27]} 10. Bxc6+ {[%emt 0:00:12]} bxc6 {[%emt 0:00:04]} 11. a5 {[%emt 0:02:03]} Ba7 {[%emt 0:00:04]} 12. Bb2 {[%emt 0:00:04]} Nf6 {[%emt 0:00:07]} 13. Nbd2 $11 {[%emt 0:04:11]} O-O {[%emt 0:08:34]} 14. Qc2 {[%emt 0:03:56]} Re8 {[%emt 0:17:02]} 15. Rac1 {[%emt 0:06:47]} Qb8 {[%emt 0:14:54]} 16. Ba3 {[%emt 0:22:09]} Bd7 {[%emt 0:05:56]} 17. Rfe1 {[%emt 0:02:06]} Qb5 {[%emt 0:02:15]} 18. Qc4 {[%emt 0:05:44]} Ng4 {[%emt 0:14:25]} 19. Qxb5 {[%emt 0:03:06]} axb5 {[%emt 0:01:10]} 20. Bb2 {[%emt 0:03:54]} c5 {[%emt 0:13:07]} 21. bxc5 {[%emt 0:00:23]} Bb8 {[%emt 0:01:39]} 22. c6 {[%emt 0:04:03]} Be6 {[%emt 0:02:33]} 23. Ra1 {[%emt 0:00:37]} Ba7 {[%emt 0:01:37]} 24. h3 {[%emt 0:02:48]} Nf6 {[%emt 0:00:24]} 25. Bxd4 {[%emt 0:01:07]} Red8 {[%emt 0:02:17]} 26. Bxa7 {[%emt 0:01:45]} Rxa7 {[%emt 0:00:01]} 27. Reb1 {[%emt 0:00:10]} Rb8 {[%emt 0:02:22]} 28. Rb4 {[%emt 0:02:45]} Ra6 {[%emt 0:03:13]} 29. Nd4 {[%emt 0:00:31]} Ne8 {[%emt 0:01:55]} 30. Rxb5 {[%emt 0:03:04]} Rba8 {[%emt 0:00:22]} 31. e5 {[%emt 0:01:33]} Kf8 {[%emt 0:00:21]} 32. Ne4 {[%emt 0:02:41]} Bc4 {[%emt 0:00:01]} 33. Rc5 {[%emt 0:00:30]} Bd3 {[%emt 0:00:17]} 34. Nc3 {[%emt 0:00:24]} Rd8 {[%emt 0:00:29]} 35. Nd5 {[%emt 0:05:13]} Raa8 {[%emt 0:00:58]} 36. Nb5 {[%emt 0:02:22]} Bxb5 {[%emt 0:01:09]} 37. Rxb5 {[%emt 0:00:02]} Ra6 {[%emt 0:00:05]} 38. Nb4 {[%emt 0:02:50]} Raa8 {[%emt 0:00:01]} 39. a6 {[%emt 0:00:33]} f6 {[%emt 0:00:00]} 40. exf6 {[%emt 0:00:55]} gxf6 {[%emt 0:00:06]} 41. a7 {[%emt 0:32:46]} Nd6 {[%emt 0:30:41]} 42. Rb7 {[%emt 0:00:57]} 1-0

[Event "Haarlemse Meesters 2019"]
[Site "Haarlem"]
[Date "2019.10.26"]
[Round "8.2"]
[White "Moucheroud, Jeremy"]
[Black "Tondivar, Babak"]
[Result "1/2-1/2"]
[WhiteElo "2294"]
[BlackElo "2324"]
[Annotator "NA"]
[PlyCount "52"]
[EventDate "2019.10.19"]
[EventType "tourn"]
[EventCountry "NED"]
[SourceTitle "playchess.com"]
[Source "ChessBase"]
[SourceQuality "1"]
[TimeControl "40/5400+30:1800+30"]

1. e4 {[%emt 0:00:00]} e6 {[%emt 0:00:00]} 2. d4 {[%emt 0:00:00]} d5 {[%emt 0:00:00]} 3. Nd2 {[%emt 0:00:00]} c5 {[%emt 0:00:00]} 4. exd5 {[%emt 0:00:00]} exd5 {[%emt 0:00:08]} 5. Ngf3 {[%emt 0:00:00]} a6 {[%emt 0:00:30]} 6. Be2 {[%emt 0:03:58]} Nf6 {[%emt 0:02:02]} 7. O-O {[%emt 0:01:27]} Be7 {[%emt 0:00:29]} 8. dxc5 {[%emt 0:02:59]} Bxc5 {[%emt 0:00:11]} 9. Nb3 {[%emt 0:01:29]} Ba7 $14 {[%emt 0:00:33]} 10. Bg5 {[%emt 0:08:00]} O-O {[%emt 0:00:31]} 11. c3 {[%emt 0:02:34]} Re8 {[%emt 0:00:47]} 12. Nfd4 {[%emt 0:04:02]} h6 {[%emt 0:09:09]} 13. Bh4 {[%emt 0:19:15]} Nc6 {[%emt 0:03:28]} 14. Re1 {[%emt 0:07:11]} g5 {[%emt 0:05:53]} 15. Bg3 {[%emt 0:01:27]} Ne4 {[%emt 0:00:26]} 16. Bh5 {[%emt 0:12:47]} Rf8 {[%emt 0:25:39]} 17. Bf3 {[%emt 0:11:46]} f5 {[%emt 0:06:09]} 18. Bxe4 {[%emt 0:00:21]} fxe4 {[%emt 0:02:18]} 19. Qh5 {[%emt 0:03:43]} Qf6 {[%emt 0:02:24]} 20. Rf1 {[%emt 0:03:50]} Bd7 {[%emt 0:06:40]} 21. h4 {[%emt 0:02:23]} Rae8 {[%emt 0:12:24]} 22. Nc2 {[%emt 0:04:38]} Be6 {[%emt 0:05:43]} 23. Ne3 {[%emt 0:01:25]} Bf7 {[%emt 0:02:06]} 24. Qg4 {[%emt 0:01:52]} Be6 {[%emt 0:01:42]} 25. Qh5 {[%emt 0:00:01]} Bf7 {[%emt 0:00:52]} 26. Qg4 {[%emt 0:00:01]} Be6 {[%emt 0:01:33]} 1/2-1/2